Statistics for Countries With Most Carbon Dioxide Emissions

Click here to take the quiz!

General Stats

  • This quiz has been taken 46 times
  • The average score is 8 of 9

Answer Stats

Answer% Correct
China
98%
United States
98%
India
95%
Japan
93%
Russia
90%
Germany
86%
South Korea
79%
Canada
74%
Iran
45%

Score Distribution

Percentile by Number Answered

Percent of People with Each Score

Your Score History

You have not taken this quiz